[Event "Top Jeunes Phase A 2009"]
[Site "Sautron"]
[Date "2009.11.29"]
[Round "3.10"]
[White "Ariza, Thomas"]
[Black "Trouve, Guillaume"]
[Result "0-1"]
[WhiteElo "1360"]
[BlackElo "1725"]
[PlyCount "93"]
[EventDate "2009.??.??"]
[WhiteTeam "Bois Colombes"]
[BlackTeam "Sautron"]

1. e4 e5 2. Nf3 Nc6 3. Bb5 a6 4. Bxc6 dxc6 5. d4 exd4 6. Nxd4 Bc5 7. Be3 Nf6 8.
Nc3 Qe7 9. Nf5 Bxf5 10. Bxc5 Qxc5 11. exf5 Qxf5 12. O-O O-O 13. Qd3 Qxd3 14.
cxd3 Rad8 15. Rad1 Rd4 16. Rd2 Rfd8 17. Rfd1 Kf8 18. f3 c5 19. b3 b5 20. Ne2
R4d5 21. d4 cxd4 22. Rxd4 Rxd4 23. Rxd4 Rxd4 24. Nxd4 Nd5 25. Ne2 c5 26. Kf2
Ke7 27. a3 a5 28. Ke1 Ke6 29. Kd2 Ke5 30. g3 g5 31. h3 f5 32. Kd3 h5 33. Kd2 h4
34. gxh4 gxh4 35. Ng1 Nf4 36. Ke3 Nd5+ 37. Kd3 Kf4 38. Ke2 Kg3 39. Kf1 Nb6 40.
f4 c4 41. Ne2+ Kxh3 42. b4 axb4 43. axb4 Nd5 44. Nd4 c3 45. Nc2 Kg3 46. Kg1
Kxf4 47. Kf2 0-1

[Event "Top Jeunes Phase A 2009"]
[Site "Sautron"]
[Date "2009.11.29"]
[Round "3.6"]
[White "Aghamir Alrobiai, Nizar"]
[Black "Le Bihan, Alison"]
[Result "1-0"]
[WhiteElo "1350"]
[BlackElo "1390"]
[PlyCount "110"]
[EventDate "2009.??.??"]
[WhiteTeam "Agneaux St Lo"]
[BlackTeam "Guingamp"]

1. e4 e5 2. Nf3 Nc6 3. Nc3 Bc5 4. Nxe5 Nxe5 5. d4 Bxd4 6. Qxd4 Qf6 7. Qd1 d6 8.
Be3 Bg4 9. Be2 Bxe2 10. Qxe2 Qg6 11. f3 Nf6 12. O-O-O O-O 13. Rhg1 Nfd7 14. Bd4
Qe6 15. f4 Nc6 16. Bf2 Nb6 17. Rge1 a5 18. g4 a4 19. f5 Qe5 20. Bg3 Qa5 21. Nd5
Nxd5 22. Rxd5 Qa6 23. h4 Qxe2 24. Rxe2 Ra5 25. Rxa5 Nxa5 26. g5 Nc4 27. Be1 Re8
28. b3 axb3 29. cxb3 Ne5 30. Kc2 Nc6 31. Kd3 d5 32. Bc3 Rxe4 33. Rxe4 dxe4+ 34.
Kxe4 Ne7 35. a4 Nc6 36. Be5 Na5 37. b4 Nb3 38. Bxc7 g6 39. fxg6 fxg6 40. a5 Kf7
41. Bb6 Ke6 42. b5 Nd2+ 43. Kf4 Nc4 44. Ke4 Nxb6 45. axb6 Kd6 46. Kd4 Kd7 47.
Kd5 Ke7 48. Ke5 Kd7 49. Kf6 Kd6 50. Kg7 Kc5 51. Kxh7 Kxb5 52. Kxg6 Kxb6 53. h5
Ka5 54. h6 b5 55. h7 b4 1-0

[Event "Top Jeunes Phase A 2009"]
[Site "Sautron"]
[Date "2009.11.29"]
[Round "3.7"]
[White "Le Graet, Gaetan"]
[Black "Beneteau Desmoulieres, Mael"]
[Result "0-1"]
[WhiteElo "1190"]
[BlackElo "1380"]
[PlyCount "60"]
[EventDate "2009.??.??"]
[WhiteTeam "Guingamp"]
[BlackTeam "Agneaux st Lo"]

1. e4 c5 2. Bc4 e6 3. d4 a6 4. Nf3 b5 5. Ne5 bxc4 6. Nxc4 Nf6 7. e5 d5 8. Ne3
cxd4 9. exf6 dxe3 10. Bxe3 Qxf6 11. O-O Bd6 12. Nc3 Nc6 13. f4 d4 14. Bxd4 Nxd4
15. Ne4 Qe7 16. Qxd4 e5 17. fxe5 Bxe5 18. Qa4+ Bd7 19. Qc4 O-O 20. Qd5 Bxb2 21.
Rab1 Be6 22. Qh5 Bc4 23. Rfe1 Bc3 24. Re3 Bd4 25. Rbe1 Bxe3+ 26. Rxe3 Bxa2 27.
Ng5 Qxe3+ 28. Kf1 Bc4+ 29. Qe2 Qxe2+ 30. Kg1 Qe1# 0-1

[Event "Top Jeunes Phase A 2009"]
[Site "Sautron"]
[Date "2009.11.29"]
[Round "3.8"]
[White "Denizet, Briac"]
[Black "Niepceron, Aurelien"]
[Result "0-1"]
[WhiteElo "1010"]
[BlackElo "1300"]
[PlyCount "28"]
[EventDate "2009.??.??"]
[WhiteTeam "Guingamp"]
[BlackTeam "Agneaux St Lo"]

1. e4 d5 2. exd5 Nf6 3. Nc3 Nbd7 4. d3 Nb6 5. d4 Nbxd5 6. Bb5+ c6 7. Nxd5 Qxd5
8. Bd3 Qxg2 9. d5 Qxh1 10. Kf1 Bh3+ 11. Ke1 Qxg1+ 12. Kd2 Qxf2+ 13. Kc3 Rc8 14.
d6 Nd5+ 0-1

[Event "Top Jeunes Phase A 2009"]
[Site "Sautron"]
[Date "2009.11.29"]
[Round "3.9"]
[White "Niepceron, Aurelien"]
[Black "Le Graet, Gaetan"]
[Result "1-0"]
[WhiteElo "1300"]
[BlackElo "1190"]
[PlyCount "27"]
[EventDate "2009.??.??"]
[WhiteTeam "Agneaux St Lo"]
[BlackTeam "Guingamp"]

1. e4 e5 2. Nf3 Nc6 3. Bc4 Bc5 4. b4 Nxb4 5. Ba3 a5 6. c3 Nf6 7. cxb4 axb4 8.
Bb2 Nxe4 9. Qe2 Bxf2+ 10. Kf1 Bd4 11. Bxd4 exd4 12. Qxe4+ Kf8 13. Qf4 g5 14.
Qxf7# 1-0

[Event "Top Jeunes Phase A 2009"]
[Site "Sautron"]
[Date "2009.11.29"]
[Round "3.10"]
[White "Beneteau Desmoulieres, Mael"]
[Black "Denizet, Briac"]
[Result "1-0"]
[WhiteElo "1380"]
[BlackElo "1010"]
[PlyCount "49"]
[EventDate "2009.??.??"]
[WhiteTeam "Agneaux St Lo"]
[BlackTeam "Guingamp"]

1. e4 e5 2. Nf3 Nc6 3. d4 Bd6 4. Bb5 exd4 5. Bc4 Bc5 6. Ng5 h6 7. Nxf7 Qf6 8.
Nxh8 d3 9. cxd3 Bb4+ 10. Bd2 Bc5 11. O-O Bd6 12. Bxg8 Qh4 13. Bf7+ Kd8 14. f4
g5 15. Be1 Qh3 16. gxh3 Bc5+ 17. Kg2 d6 18. Qh5 Nd4 19. Be8 Nc2 20. Qf7 d5 21.
Qxd5+ Bd6 22. Bg6 Ne3+ 23. Kf3 g4+ 24. hxg4 Bxg4+ 25. Kxe3 1-0

[Event "Interclubs Jeunes"]
[Site "Villepinte"]
[Date "19/12/2009"]
[Round "4.1"]
[White "Thon, Gabriel"]
[Black "Ollier, Milan"]
[Result "1-0"]
[WhiteElo "2107"]
[BlackElo "2117"]
[WhiteTeam "Lyon"]
[BlackTeam "La Tour d'Auvergne"]

1. e4 c5 2. Nf3 Nc6 3. d4 cxd4 4. Nxd4 e5 5. Nb5 d6 6. c4 Be7 7. N1c3 a6 8. Na3
Be6 9. Nc2 Bg5 10. Bd3 h6 11. O-O Nge7 12. Nd5 Ng6 13. Nce3 Nd4 14. Qa4+ b5 15.
cxb5 Bxd5 16. Nxd5 axb5 17. Qxa8 Qxa8 18. Nc7+ Kd7 19. Nxa8 Rxa8 20. Be3 Nf4
21. Bxf4 Bxf4 22. Rfd1 Bg5 23. g3 Bd8 24. a3 Bb6 25. Kg2 g5 26. Rac1 Rf8 27. b4
g4 28. Rh1 d5 29. exd5 f5 30. Rc6 Nxc6 31. Bxb5 f4 32. Rd1 Bd4 33. Rd2 Kc7 34.
Rc2 h5 35. Rxc6+ Kb7 36. Rc2 f3+ 37. Kf1 h4 38. d6 hxg3 39. hxg3 Rh8 40. Ke1
Bb6 41. d7 e4 42. Bc6+ Kc7 43. Bb5+ Kb7 44. Rc8 Bd8 45. Bf1 e3 46. fxe3 Rf8 47.
a4 Rh8 48. a5 Ka7 49. Bd3 Rf8 50. Be4 Ka6 51. Bc6 1-0

[Event "Interclubs Jeunes"]
[Site "Villepinte"]
[Date "19/12/2009"]
[Round "4.2"]
[White "Julien, Clement"]
[Black "Gueriche, Guillaume"]
[Result "1/2-1/2"]
[WhiteElo "1868"]
[BlackElo "2035"]
[WhiteTeam "La Tour d'Auvergne"]
[BlackTeam "Lyon"]

1. e4 c5 2. c3 Nc6 3. d4 cxd4 4. cxd4 d5 5. exd5 Qxd5 6. Nf3 e6 7. Nc3 Bb4 8.
Be2 Nge7 9. O-O Qd8 10. Bg5 O-O 1/2-1/2

[Event "Interclubs Jeunes"]
[Site "Villepinte"]
[Date "19/12/2009"]
[Round "4.3"]
[White "Malka, Samuel"]
[Black "Valente, Alexandre"]
[Result "1-0"]
[WhiteElo "1919"]
[BlackElo "1889"]
[WhiteTeam "Lyon"]
[BlackTeam "La Tour d'Auvergne"]

1. d4 Nf6 2. c4 g6 3. Nc3 Bg7 4. e4 d6 5. Nf3 O-O 6. Be2 Nbd7 7. O-O e5 8. Be3
c6 9. d5 Qe7 10. Nd2 a5 11. a3 Ne8 12. b4 axb4 13. axb4 Rxa1 14. Qxa1 f5 15. f3
f4 16. Bf2 Nef6 17. Nb3 g5 18. dxc6 bxc6 19. Qa8 d5 20. Qxc6 dxe4 21. Nxe4 Nxe4
22. Qxe4 Qxb4 23. Qd5+ Kh8 24. Qb5 Qe7 25. Bd3 g4 26. Bc5 Nxc5 27. Qxc5 Qh4 28.
fxg4 Bxg4 29. Nd2 Qd8 30. Qd5 Qe7 31. Nf3 Rd8 32. Qe4 Rxd3 33. Qxd3 e4 34. Qb1
Qa7+ 35. Kh1 exf3 36. gxf3 Bh3 37. Qe4 Qf7 38. Rd1 Qf8 39. c5 h6 40. c6 Qc8 41.
Re1 1-0

[Event "Interclubs Jeunes"]
[Site "Villepinte"]
[Date "19/12/2009"]
[Round "4.4"]
[White "Labrosse, Pierre-Henri"]
[Black "Bombail, Leonard"]
[Result "0-1"]
[WhiteElo "1676"]
[BlackElo "1729"]
[WhiteTeam "La Tour d'Auvergne"]
[BlackTeam "Lyon"]

1. e4 e5 2. Nf3 Nc6 3. Nc3 Nf6 4. Bb5 d6 5. d4 Bd7 6. d5 Ne7 7. Bxd7+ Nxd7 8.
Be3 h6 9. b4 f5 10. Nh4 Nf6 11. exf5 Qd7 12. Qd3 c6 13. dxc6 bxc6 14. f4 Ned5
15. Nxd5 Nxd5 16. Qe4 Rb8 17. a3 Nf6 18. Qf3 e4 19. Qe2 d5 20. Rd1 a5 21. bxa5
Bxa3 22. a6 Bb4+ 23. Kf2 Ra8 24. Rb1 d4 25. Rxb4 dxe3+ 26. Kg3 Qd2 27. Qxd2
exd2 28. a7 O-O 29. Rd4 Rfd8 30. Rxd8+ Rxd8 31. h3 Ra8 32. Rd1 e3 33. Kf3 Nd5
34. Ra1 Rxa7 0-1

[Event "Interclubs Jeunes"]
[Site "Villepinte"]
[Date "19/12/2009"]
[Round "4.5"]
[White "Guedon, Sosthene"]
[Black "Nord, Clara"]
[Result "1-0"]
[WhiteElo "1607"]
[BlackElo "1340"]
[WhiteTeam "Lyon"]
[BlackTeam "La Tour d'Auvergne"]

1. e4 e5 2. Nf3 d6 3. d4 exd4 4. Qxd4 Nf6 5. Nc3 Be7 6. Bg5 h6 7. Bh4 Nc6 8.
Bb5 Bd7 9. Bxc6 Bxc6 10. O-O-O O-O 11. Rhe1 Re8 12. e5 dxe5 13. Qxe5 Bd7 14.
Rd2 Bd6 15. Bxf6 Qxf6 16. Qxf6 gxf6 17. Rde2 Rxe2 18. Rxe2 Be6 19. Ne4 Be7 20.
Rd2 Bxa2 21. b3 Ba3+ 22. Kd1 Bb4 23. Rd7 f5 24. Ng3 f4 25. Nf5 h5 26. Ne5 f6
27. Rg7+ Kf8 28. Ng6+ Ke8 29. Rg8+ Kf7 30. Rxa8 Kxg6 31. Nd4 Bc5 32. Ne6 Bxf2
33. Nxf4+ Kh6 34. Nd5 Bg1 35. Nc3 Bxh2 36. Rxa7 b6 37. Rxa2 Kg5 38. Ra4 h4 39.
Nd5 f5 40. Ke2 f4 41. Kf3 c6 42. Nxf4 b5 43. Re4 1-0

[Event "Interclubs Jeunes"]
[Site "Villepinte"]
[Date "19/12/2009"]
[Round "4.6"]
[White "Zounani, Yacine"]
[Black "Caslani, Nicolas"]
[Result "0-1"]
[WhiteElo "1380"]
[BlackElo "1555"]
[WhiteTeam "La Tour d'Auvergne"]
[BlackTeam "Lyon"]


1. e4 e5 2. Nf3 Nc6 3. Bc4 Bc5 4. c3 Nf6 5. d4 exd4 6. cxd4 Bb4+ 7. Nc3 d5 8.
exd5 Nxd5 9. O-O Bxc3 10. bxc3 O-O 11. Ba3 Re8 12. Re1 Be6 13. Qc2 a6 14. Ne5
Nxe5 15. Rxe5 Nf4 16. Bxe6 Nxe6 17. Rh5 g6 18. Rh3 Nf4 19. Rg3 Ne2+ 20. Kh1
Nxg3+ 21. fxg3 Re6 22. Rf1 Qd5 23. Qf2 Qf5 24. Qg1 Qc2 25. d5 Re2 26. d6 cxd6
27. Bxd6 Qxc3 28. a3 Qe3 29. Qxe3 Rxe3 30. Bc5 Re5 31. Bd6 Rd5 32. Be7 Re8 33.
Bb4 a5 34. Bc3 Rc8 35. Bf6 Rf5 36. Rxf5 Rc1+ 0-1

[Event "Interclubs Jeunes"]
[Site "Villepinte"]
[Date "19/12/2009"]
[Round "4.1"]
[White "Giroyan, Gary"]
[Black "Romero, Vladimir"]
[Result "1-0"]
[WhiteElo "2181"]
[BlackElo "1813"]
[WhiteTeam "Cannes"]
[BlackTeam "Villepinte"]

1. e4 c5 2. Nf3 Nc6 3. Nc3 g6 4. d4 cxd4 5. Nxd4 Bg7 6. Be3 Nf6 7. Bc4 O-O 8.
Bb3 d6 9. h3 Bd7 10. O-O Nxd4 11. Bxd4 Bc6 12. Re1 e5 13. Be3 Nxe4 14. Nxe4
Bxe4 15. Qd2 Qc7 16. Rad1 d5 17. c3 b5 18. Bg5 a6 19. f3 Bf5 20. Bxd5 Rab8 21.
Qe3 Rb6 22. Re2 Rd6 23. Red2 Kh8 24. b3 f6 25. Bh4 Rfd8 26. c4 bxc4 27. bxc4
Qd7 28. Qb3 Bh6 29. c5 Qa7 30. Bf2 Rc6 31. Bxc6 Rxd2 32. Rxd2 Bxd2 33. Bb7 Kg7
34. c6 Qb8 35. g4 Qd6 36. gxf5 gxf5 37. Qc2 e4 38. fxe4 fxe4 39. Qxe4 Bf4 40.
Kg2 1-0

[Event "Interclubs Jeunes"]
[Site "Villepinte"]
[Date "19/12/2009"]
[Round "4.2"]
[White "Clement, Alexandre"]
[Black "Neri, Jean-Baptiste"]
[Result "0-1"]
[WhiteElo "1808"]
[BlackElo "2011"]
[WhiteTeam "Villepinte"]
[BlackTeam "Cannes"]

1. e4 c5 2. Nf3 Nc6 3. d4 cxd4 4. Nxd4 g6 5. Nc3 Bg7 6. Be3 Nf6 7. Bc4 Qa5 8.
O-O O-O 9. a3 d6 10. Nb3 Qc7 11. h3 b6 12. Bd5 Nxd5 13. Nxd5 Qd7 14. Nd4 Na5
15. c3 Bb7 16. f3 e6 17. Nb4 Nc4 18. Qc1 a5 19. Nd3 e5 20. Nc2 f5 21. b3 fxe4
22. bxc4 exd3 23. Ne1 e4 24. Bxb6 exf3 25. Nxf3 Bxf3 26. Rxf3 Rxf3 27. gxf3
Qxh3 28. Qe3 Be5 29. Ra2 Rf8 30. Rf2 Qg3+ 31. Kf1 Qh3+ 32. Kg1 Rf5 33. Bxa5
Qg3+ 34. Kf1 d2 35. Qxd2 Rxf3 36. Rxf3 Qxf3+ 37. Kg1 Bf4 38. Qe1 Qg3+ 39. Qxg3
Bxg3 40. a4 Be5 41. Bb6 Bxc3 42. Bc7 Bb4 43. Kg2 Kf7 44. Kf3 Ke6 45. Kf4 Bd2+
46. Ke4 h5 47. Bd8 Kd7 48. Bf6 Kc6 49. Kd3 Bb4 50. Bg5 d5 51. cxd5+ Kxd5 52.
Ke3 Ke5 53. Kf3 Kf5 54. Bd8 g5 55. Kg3 h4+ 56. Kh3 Be1 57. Be7 g4+ 58. Kg2 h3+
59. Kh2 Kf4 60. Bd6+ Kf3 61. Bc7 g3+ 62. Kg1 h2+ 63. Kh1 g2+ 0-1

[Event "Interclubs Jeunes"]
[Site "Villepinte"]
[Date "19/12/2009"]
[Round "4.3"]
[White "Lamard, Guillaume"]
[Black "Quinqueneau, Dylan"]
[Result "1-0"]
[WhiteElo "2117"]
[BlackElo "1710"]
[WhiteTeam "Cannes"]
[BlackTeam "Villepinte"]

1. d4 Nf6 2. c4 c5 3. d5 e6 4. Nc3 exd5 5. cxd5 d6 6. g3 g6 7. Nf3 Bg7 8. Bg2
O-O 9. O-O Re8 10. Bf4 a6 11. a4 Qc7 12. Rc1 Bf5 13. b4 b6 14. a5 Nbd7 15. Na4
Ne4 16. axb6 Nxb6 17. Nxc5 Nc3 18. Rxc3 Bxc3 19. Qb3 Be5 20. Nxe5 dxe5 21. d6
Qxd6 22. Bxa8 exf4 23. Rd1 Qe5 24. Bc6 Rc8 25. Bb7 Rb8 26. Bxa6 fxg3 27. Qxg3
Qxg3+ 28. hxg3 Kg7 29. Rd4 Na8 30. g4 Be6 31. Nxe6+ fxe6 32. g5 h5 33. Rd7+ Kf8
34. Bd3 Nb6 35. Rh7 Kg8 36. Re7 Nd5 37. Rxe6 Nf4 38. Re4 Nh3+ 39. Kg2 Nxg5 40.
Rd4 Ne6 41. Bc4 Kf7 42. Re4 Re8 43. b5 Kf6 44. b6 Kf5 45. Rxe6 Rxe6 46. Bxe6+
Kxe6 47. b7 1-0

[Event "Interclubs Jeunes"]
[Site "Villepinte"]
[Date "19/12/2009"]
[Round "4.4"]
[White "Bellaiche, Elise"]
[Black "Haussernot, Cecile"]
[Result "1/2-1/2"]
[WhiteElo "1833"]
[BlackElo "1949"]
[WhiteTeam "Villepinte"]
[BlackTeam "Cannes"]

1. e4 c5 2. c3 d5 3. exd5 Qxd5 4. d4 e6 5. Nf3 Nf6 6. Be2 Be7 7. O-O O-O 8. Be3
Ng4 9. Bf4 Nc6 10. h3 Nf6 11. Be3 b6 12. dxc5 Qxd1 13. Rxd1 bxc5 14. c4 Bb7 15.
Nc3 Rac8 16. Nd2 Nb4 17. Rac1 Nd7 18. Nb3 Rfd8 19. Na5 Ba8 20. a3 Nc6 21. Nxc6
Bxc6 22. Nb5 a6 23. Na7 Rc7 24. Nxc6 Rxc6 25. Bf3 Rcc8 26. Bb7 Rb8 27. Bxa6
Rxb2 28. Bb5 Ne5 29. Rxd8+ Bxd8 30. Rd1 Be7 31. a4 Ra2 32. Bd2 f5 33. a5 Nd3
34. a6 Bf6 35. Be3 Nb4 36. Rd7 Nxa6 37. Ra7 Nb4 38. Rxa2 Nxa2 39. Bxc5 Nc3 40.
Bd7 Kf7 41. f3 Bd4+ 42. Bxd4 Ne2+ 43. Kf2 Nxd4 44. Ba4 f4 45. Ke1 Nf5 46. c5
Ke7 47. Kf2 h6 48. Ke2 g5 49. Kf2 e5 50. Ke2 Ne3 51. g3 Nd5 52. Bc6 Nb4 53. Be4
1/2-1/2

[Event "Interclubs Jeunes"]
[Site "Villepinte"]
[Date "19/12/2009"]
[Round "4.5"]
[White "Froment, Theophile"]
[Black "Ek, Alexandre"]
[Result "0-1"]
[WhiteElo "1834"]
[BlackElo "1833"]
[WhiteTeam "Cannes"]
[BlackTeam "Villepinte"]

1. e4 c5 2. Nf3 Nc6 3. d4 cxd4 4. Nxd4 g6 5. Nc3 Bg7 6. Be3 Nf6 7. Bc4 d6 8. f3
Qb6 9. Bb5 Qc7 10. Nd5 Nxd5 11. exd5 a6 12. Bxc6+ bxc6 13. Nxc6 O-O 14. O-O Bb7
15. c3 Bxc6 16. dxc6 Qxc6 17. Kh1 Rab8 18. Qd2 Rfc8 19. Rac1 Qa4 20. b3 Qa3 21.
Bd4 a5 22. Bxg7 Kxg7 23. Rfe1 Rb7 24. Re4 Rbc7 25. Rh4 h5 26. g4 Qb4 27. Rg1
Rxc3 28. Qg2 Rc1 29. Qg3 Qd2 0-1

[Event "Interclubs Jeunes"]
[Site "Villepinte"]
[Date "19/12/2009"]
[Round "4.6"]
[White "Venou, Randjit"]
[Black "Meunier, Clement"]
[Result "1/2-1/2"]
[WhiteElo "1950"]
[BlackElo "1813"]
[WhiteTeam "Villepinte"]
[BlackTeam "Cannes"]

1. e4 e5 2. d4 exd4 3. Qxd4 Nc6 4. Qe3 Nf6 5. Nc3 Bb4 6. Bd2 O-O 7. O-O-O Re8
8. Nge2 d5 9. Qg3 d4 10. Bg5 Be7 11. Bxf6 Bxf6 12. f4 a6 13. e5 Be7 14. Ne4 Be6
15. a3 b5 16. Qf2 Qc8 17. Nxd4 Nxd4 18. Rxd4 Qb7 19. Qf3 Qb6 20. Rd1 Bf5 21.
Bd3 b4 22. a4 Kh8 23. b3 Rad8 24. g4 Bd7 25. h4 Bc6 26. Qe2 Rd4 27. Rhf1 Red8
28. Ng5 Bd5 29. Qe3 Qc5 30. Nf3 Bxf3 31. Qxf3 Qc3 32. Kb1 c5 33. Qe2 a5 34. Qd2
Qxd2 35. Rxd2 h6 36. g5 h5 37. Rh2 R4d5 38. Bc4 Rd1+ 39. Rxd1 Rxd1+ 40. Kb2 f5
41. exf6 gxf6 42. Re2 Rd7 43. Re6 Kg7 44. Ra6 Bd8 45. gxf6+ Bxf6+ 46. Kc1 Bc3
47. f5 Re7 48. Rg6+ Kh7 49. Re6 Rg7 50. Rd6 Rg1+ 51. Rd1 Rxd1+ 52. Kxd1 Kg7 53.
Ke2 Kf6 54. Be6 Ke5 55. Kf2 Ke4 56. Bf7 Kxf5 57. Bxh5 1/2-1/2

[Event "Interclubs Jeunes"]
[Site "Villepinte"]
[Date "19/12/2009"]
[Round "4.7"]
[White "Mautin, Arthur"]
[Black "Ek, Bora"]
[Result "1-0"]
[WhiteElo "1410"]
[BlackElo "1360"]
[WhiteTeam "Cannes"]
[BlackTeam "Villepinte"]

1. d4 d5 2. c4 c6 3. cxd5 cxd5 4. Nc3 Nf6 5. Nf3 Nc6 6. Bf4 Bf5 7. e3 a6 8. Bd3
Bxd3 9. Qxd3 e6 10. O-O Bb4 11. a3 Bxc3 12. bxc3 O-O 13. c4 Ne7 14. cxd5 Nexd5
15. Rab1 b5 16. Rfc1 Nxf4 17. exf4 Qd6 18. Ne5 Rfc8 19. h3 Rxc1+ 20. Rxc1 Nd7
21. Nxd7 Qxd7 22. Qc3 h6 23. Qc6 Qxd4 24. Qxa8+ Kh7 25. Qxa6 Qxf4 26. Rb1 Qe4
27. Qxb5 Qa8 28. Qd3+ f5 29. Qd6 Qe4 30. Rb4 Qe1+ 31. Kh2 Qxf2 32. Qxe6 Qc2 33.
Rf4 Qc7 34. Qxf5+ Kh8 35. g3 Qc6 36. Rd4 Qb6 37. Rb4 Qd6 38. Qf4 Qe6 39. Rb8+
Kh7 40. Qd2 Qf6 41. Qc2+ Qg6 42. Qxg6+ Kxg6 43. a4 Kh7 44. a5 Kg6 45. a6 Kf6
46. a7 1-0

[Event "Interclubs Jeunes"]
[Site "Villepinte"]
[Date "19/12/2009"]
[Round "4.9"]
[White "Le Menelec, Alan-Long"]
[Black "Mautin, Arthur"]
[Result "0-1"]
[WhiteElo "1380"]
[BlackElo "1410"]
[WhiteTeam "Villepinte"]
[BlackTeam "Cannes"]

1. e4 e5 2. Nf3 Nf6 3. Nc3 Bb4 4. d3 O-O 5. Nxe5 Qe7 6. Nf3 d5 7. e5 Nc6 8. d4
Bg4 9. Bf4 Ne4 10. Qd3 Bxf3 11. gxf3 Nxc3 12. bxc3 Ba5 13. Bg2 f6 14. O-O fxe5
15. Bxe5 Nxe5 16. dxe5 Qxe5 17. Qd4 Bxc3 18. Qxe5 Bxe5 19. Rad1 Rad8 20. Rfe1
Bc3 21. Re3 d4 22. Red3 c5 23. Rb1 b6 24. Rbd1 c4 25. Rxc3 dxc3 26. Re1 Rd2 27.
Rc1 Rfd8 28. Bh3 Rd1+ 29. Rxd1 Rxd1+ 30. Kg2 Ra1 31. Be6+ Kf8 32. Bxc4 a6 33.
f4 b5 34. Bb3 a5 35. Kf3 a4 36. Bd5 Rh1 37. Kg3 Rg1+ 38. Kf3 Rc1 39. Be4 Rb1
40. Ke3 Rb2 41. a3 Ra2 42. Bc6 Rxa3 43. Bxb5 Ra2 44. Kd3 Ra3 45. f3 Ke7 46. Kc4
Ra2 47. Kxc3 Ra3+ 48. Kb4 Rxf3 49. Bxa4 Rxf4+ 50. Kb5 Kd6 51. c4 Kc7 52. Bc2 h6
53. c5 Rf2 54. Be4 Rxh2 55. c6 Rh5+ 56. Kc4 Re5 57. Kd4 Re6 58. Kc5 Rxe4 0-1

[Event "Interclubs Jeunes"]
[Site "Villepinte"]
[Date "19/12/2009"]
[Round "4.1"]
[White "Domenech, Vianney"]
[Black "Gelin, Baptiste"]
[Result "1-0"]
[WhiteElo "2050"]
[BlackElo "1912"]
[WhiteTeam "Montpellier"]
[BlackTeam "Créteil"]

1. d4 d5 2. Bf4 c5 3. e3 Nc6 4. c3 Nf6 5. Nd2 Bf5 6. Qb3 Qb6 7. dxc5 Qxb3 8.
axb3 e5 9. Bg3 Bxc5 10. b4 Bd6 11. b5 Nb8 12. Nb3 b6 13. Nf3 Nbd7 14. Be2 O-O
15. O-O Ne4 16. Ra2 Rfc8 17. Rfa1 Rc7 18. Nfd2 Nxd2 19. Nxd2 Nc5 20. Bf3 Ne4
21. Bxe4 dxe4 22. Ra6 Rd8 23. h3 Rdd7 24. R6a4 f6 25. Nxe4 Bxe4 26. Rxe4 Rc5
27. Rea4 Rxb5 28. b4 Rd5 29. Rxa7 Rxa7 30. Rxa7 Rd1+ 31. Kh2 Rc1 32. Rb7 Rxc3
33. Rxb6 Be7 34. Rb7 Kf7 35. b5 Ke6 36. e4 Kd6 37. f3 Rb3 38. Bf2 g6 39. Ba7
Bd8 40. b6 Kc6 41. Rxh7 g5 42. Rf7 Rb5 43. Kg3 Rb2 44. b7 Rxb7 45. Rxb7 Kxb7
46. Be3 Kc6 47. Kg4 Kd6 48. Kf5 Ke7 49. Kg6 Ke6 50. Kg7 Ke7 51. Bc5+ Ke8 52. g3
1-0

[Event "Interclubs Jeunes"]
[Site "Villepinte"]
[Date "19/12/2009"]
[Round "4.2"]
[White "Loiseau, Quentin"]
[Black "Thinon, Lucas"]
[Result "1-0"]
[WhiteElo "2185"]
[BlackElo "1712"]
[WhiteTeam "Créteil"]
[BlackTeam "Montpellier"]

1. Nf3 d5 2. d4 Nf6 3. c4 c6 4. Nc3 e6 5. Bg5 Nbd7 6. cxd5 exd5 7. e3 Qa5 8.
Qc2 Ne4 9. Bf4 Bb4 10. Nd2 Nxc3 11. bxc3 Bxc3 12. Rd1 c5 13. Be2 Nf6 14. O-O
Bxd2 15. Rxd2 c4 16. f3 Bd7 17. e4 Ba4 18. Qb1 b5 19. Rb2 O-O 20. e5 Nd7 21.
Rc1 Qb6 22. Rd2 Nb8 23. Be3 Nc6 24. f4 Rab8 25. Bf3 Rfe8 26. Bf2 a5 27. f5 b4
28. f6 g6 29. Re1 c3 30. Rd3 Na7 31. Qc1 Kh8 32. Qh6 Rg8 33. Bg4 Bc2 34. Qxh7+
Kxh7 35. Rh3# 1-0

[Event "Interclubs Jeunes"]
[Site "Villepinte"]
[Date "19/12/2009"]
[Round "4.3"]
[White "Allamel, Benjamin"]
[Black "Rouffignac, Tanguy"]
[Result "1/2-1/2"]
[WhiteElo "1400"]
[BlackElo "1885"]
[WhiteTeam "Montpellier"]
[BlackTeam "Créteil"]

1. d4 Nf6 2. c4 g6 3. Bf4 d6 4. Nc3 Bg7 5. e3 Nbd7 6. Nf3 O-O 7. Be2 c5 8. d5
h6 9. h3 Nh5 10. Bh2 b5 11. Qc2 bxc4 12. Bxc4 Nb6 13. b3 Nf6 14. Rc1 Kh7 15.
O-O Bf5 16. e4 Bd7 17. Rfe1 Ng8 18. e5 dxe5 19. Nxe5 Bf5 20. Qd2 Bxe5 21. Bxe5
Nc8 22. Nb5 Nd6 23. Nc3 Nf6 24. Bxf6 exf6 25. Qe3 Rc8 26. Qe7 Rc7 27. Qxd8 Rxd8
28. Re3 Rdd7 29. Rce1 Rb7 30. R1e2 Nxc4 31. bxc4 Rb4 32. g4 Bb1 33. Nxb1 Rxb1+
34. Kg2 Rb4 35. Rc2 Kg7 36. Rb3 a5 37. Rd3 Kf8 38. d6 Ke8 39. Rd5 a4 40. Rc3
Rd8 41. Rxc5 Rxd6 42. Rb5 Rxb5 43. cxb5 Rb6 44. Ra3 Rxb5 45. Rxa4 Kd7 46. Ra7+
Ke6 47. Ra6+ Ke5 48. f4+ Kxf4 49. Rxf6+ Ke3 50. Rxf7 Rb2+ 51. Kg3 Rxa2 52. Rf6
g5 53. Rxh6 Ra3 54. Re6+ Kd4+ 55. Kg2 Ra2+ 56. Kg3 Ra3+ 57. Kf2 Rxh3 58. Rg6
Ke5 59. Rxg5+ Kf4 60. Rg8 Rf3+ 61. Ke2 Re3+ 62. Kd2 Rg3 63. g5 Rxg5 64. Rf8+
Rf5 65. Rxf5+ Kxf5 1/2-1/2

[Event "Interclubs Jeunes"]
[Site "Villepinte"]
[Date "19/12/2009"]
[Round "4.4"]
[White "Pruvot, Louis"]
[Black "Agussol, Lucas"]
[Result "1-0"]
[WhiteElo "1881"]
[BlackElo "1526"]
[WhiteTeam "Créteil"]
[BlackTeam "Montpellier"]

1. e4 e6 2. d4 d5 3. Nc3 Bb4 4. Bd3 dxe4 5. Bxe4 Nf6 6. Bd3 Nc6 7. Nf3 Nd5 8.
Bd2 Bxc3 9. bxc3 O-O 10. O-O Nce7 11. Ne5 Ng6 12. Qh5 Nf6 13. Qh3 Qd5 14. Rfe1
b6 15. Bg5 Bb7 16. Bxf6 gxf6 17. Nxg6 hxg6 18. Be4 Qxe4 19. Rxe4 Bxe4 20. Qh6
Bxc2 21. Re1 Bf5 22. f3 c5 23. g4 Bc2 24. Re2 Bb1 25. Rg2 f5 26. g5 f4 27. Rg4
f6 28. Rh4 Kf7 29. Qh7+ Ke8 30. gxf6 Rxf6 31. Qg8+ Rf8 32. Qxe6+ Kd8 33. Rh7
Bf5 34. Qd6+ Ke8 35. Qe7# 1-0

[Event "Interclubs Jeunes"]
[Site "Villepinte"]
[Date "19/12/2009"]
[Round "4.5"]
[White "Arnaud-Audiffren, Alexandre"]
[Black "Guo, Louis"]
[Result "0-1"]
[WhiteElo "1556"]
[BlackElo "1557"]
[WhiteTeam "Montpellier"]
[BlackTeam "Créteil"]

1. d4 d5 2. Bf4 c5 3. c3 Qb6 4. Qb3 Nf6 5. Nd2 Nc6 6. e3 c4 7. Qxb6 axb6 8. a3
Bf5 9. Ngf3 h6 10. h3 e6 11. Be2 g5 12. Bh2 Bg7 13. Ne5 Nd7 14. Nxc6 bxc6 15.
g4 Bg6 16. O-O Ke7 17. f4 f5 18. gxf5 Bxf5 19. Bg4 Bd3 20. Rf2 h5 21. Bf3 Bf5
22. fxg5 Bxh3 23. Bg2 Bxg2 24. Rxg2 e5 25. Rf1 Raf8 26. Rgf2 Rhg8 27. Nf3 Bh8
28. dxe5 Rf5 29. Bf4 Nxe5 30. Nh4 Rff8 31. Rg2 Nd3 32. g6 Be5 33. Bg5+ Ke6 34.
Rxf8 Rxf8 35. Bh6 Rg8 36. g7 Bf6 37. Rg6 Ne5 38. Rg2 Bxh4 39. Rh2 Nf3+ 40. Kg2
Nxh2 41. Kxh2 Bf6 42. Kh3 Bxg7 43. Bf4 Bf6 0-1

[Event "Interclubs Jeunes"]
[Site "Villepinte"]
[Date "19/12/2009"]
[Round "4.6"]
[White "Guerlach, Keigo"]
[Black "Apap, Hugo"]
[Result "1/2-1/2"]
[WhiteElo "1640"]
[BlackElo "1530"]
[WhiteTeam "Créteil"]
[BlackTeam "Montpellier"]

1. e4 d6 2. d4 Nf6 3. Nc3 Nbd7 4. Nf3 e5 5. dxe5 dxe5 6. Bd3 Be7 7. O-O O-O 8.
h3 c6 9. Bd2 Nc5 10. Nxe5 Qc7 11. Nf3 Be6 12. Qe2 Rad8 13. Rad1 h6 14. a3 b5
15. b4 Nxd3 16. cxd3 Bb3 17. Rc1 a5 18. Nd1 Ra8 19. bxa5 Bxa3 20. Rc3 Bxd1 21.
Rxd1 Bb4 22. Rc2 Bxd2 23. Qxd2 Rxa5 24. Rxc6 Qxc6 25. Qxa5 Ra8 26. Qd2 Rd8 27.
Rc1 Qb6 28. Kf1 Nxe4 29. Qe2 Nf6 30. d4 Re8 31. Qd3 b4 32. Rb1 Rb8 33. Ne5 Qb5
34. Qxb5 Rxb5 35. Nd3 b3 36. Nc5 b2 37. Nd3 Rd5 38. Rxb2 Rxd4 39. Ne5 Rd1+ 40.
Ke2 Rd8 41. Nc6 Re8+ 42. Kf3 Kh7 43. Rb8 Rxb8 44. Nxb8 g5 45. Nc6 Nd5 46. Ne5
f5 47. g3 1/2-1/2